[Event "4th WGP Kazan 2012"]
[Site "Kazan RUS"]
[Date "2012.06.15"]
[Round "5"]
[White "Kosintseva, Tatiana"]
[Black "Koneru, Humpy"]
[Result "1/2-1/2"]
[WhiteTitle "GM"]
[BlackTitle "GM"]
[WhiteElo "2532"]
[BlackElo "2589"]
[WhiteFideId "4133471"]
[BlackFideId "5008123"]
[EventDate "2012.06.09"]

1. e4 e5 2. Nf3 Nc6 3. Bb5 a6 4. Ba4 Nf6 5. O-O Nxe4 6. d4 b5 7. Bb3 d5 8. dxe5
Be6 9. Be3 Be7 10. c3 O-O 11. Nbd2 Qd7 12. Re1 Rad8 13. Bc2 Bf5 14. Nxe4 Bxe4
15. Bxe4 dxe4 16. Qxd7 Rxd7 17. e6 fxe6 18. Nd2 Ne5 19. Nxe4 Nc4 20. b3 Nxe3 21.
Rxe3 Rfd8 22. Kf1 Rd1+ 23. Re1 R1d5 24. Rac1 R5d7 25. f3 Kf7 26. Ke2 Ke8 27. Rc2
a5 28. c4 c6 29. cxb5 cxb5 30. Rc6 Kf7 31. Rec1 a4 32. Ra6 axb3 33. axb3 h6 34.
Rcc6 Rd3 35. Rc7 R8d7 36. Rxd7 Rxd7 37. Ra5 b4 38. Nd2 Bf6 39. Rb5 Bc3 40. Nc4
Kf6 41. Ra5 g5 42. Ra6 h5 43. h3 g4 44. hxg4 hxg4 45. fxg4 Rd4 46. g5+ Kxg5 47.
Rxe6 Rh4 48. Nd6 Rd4 49. Nc4 Rh4 50. Ne3 Rh1 51. Kd3 Rb1 52. Kc4 Re1 53. Re7 Rc1
54. Re8 Be1+ 55. Kd3 Rc3+ 56. Ke2 Bh4 57. Rg8+ Kh6 58. Rh8+ Kg5 59. Rg8+ Kh6 60.
Nf5+ Kh7 61. Rg7+ Kh8 62. Rg4 Bf6 63. Rxb4 Kh7 64. Ne3 Bg5 65. Nd5 Rg3 66. Kf2
Rd3 67. Rb5 Kg6 68. b4 Rd2+ 69. Kf3 Rd3+ 70. Kg4 Rd4+ 71. Kh3 Rh4+ 72. Kg3 Rd4
73. Rc5 Bh6 74. b5 Bf8 75. Rc6+ Kg5 76. Ne3 Rb4 77. b6 Rb5 78. Kf3 Bc5 79. Nc4
Rb3+ 80. Ke4 Bg1 81. Re6 Rb4 82. Kd3 Kf5 83. Re1 Bxb6 84. Kc3 Rb5 85. Nd6+ Kg5
86. Re6 Rb1 87. Nc4 Bc7 88. Kd3 Rg1 89. Re2 Bf4 90. Ke4 Kg4 91. Nb6 Kg3 92. Nd5
Rxg2 93. Nxf4 Rxe2+ 1/2-1/2

[Event "4th WGP Kazan 2012"]
[Site "Kazan RUS"]
[Date "2012.06.15"]
[Round "5"]
[White "Cmilyte, Viktorija"]
[Black "Danielian, Elina"]
[Result "1/2-1/2"]
[WhiteTitle "GM"]
[BlackTitle "GM"]
[WhiteElo "2508"]
[BlackElo "2484"]
[WhiteFideId "12801259"]
[BlackFideId "13300210"]
[EventDate "2012.06.09"]

1. d4 Nf6 2. c4 e6 3. Nc3 Bb4 4. Qc2 O-O 5. a3 Bxc3+ 6. Qxc3 d5 7. Bg5 c5 8. e3
h6 9. Bxf6 Qxf6 10. cxd5 cxd4 11. Qxd4 Qxd4 12. exd4 exd5 13. Bd3 Nc6 14. Ne2
Re8 15. Kd2 Bg4 16. f3 Bd7 17. b4 Re7 18. Rac1 Rae8 19. Rhe1 g6 20. Bb5 Nb8 21.
Nc3 Rxe1 22. Rxe1 Bxb5 23. Nxb5 Rxe1 24. Kxe1 Nc6 25. Kd2 Kf8 26. Nc7 Ke7 27.
Nxd5+ Kd6 28. Nc3 Nxd4 29. Kd3 Nc6 30. f4 a6 31. Ne4+ Kd5 32. Nf6+ Ke6 33. Ng4
h5 34. Ne3 b5 35. Ke4 f5+ 36. Kd3 Kd6 37. Nc2 Kd5 38. g3 a5 39. bxa5 Nxa5 40.
Nd4 Kc5 41. Ne6+ Kd6 42. Nf8 Nc4 43. Nxg6 Nxa3 44. Nh4 Ke6 45. Nf3 Kf6 46. Kc3
Nc4 47. Kb4 Ne3 48. Kxb5 Nf1 49. Kc5 h4 50. gxh4 Ne3 51. Ne1 Ng4 52. h3 Nf2 53.
Kd4 Nxh3 54. Ke3 Kg6 55. Kf3 Kh5 56. Ng2 Ng1+ 57. Kf2 Nh3+ 58. Kg3 Ng1 59. Kf2
Nh3+ 60. Kg3 Ng1 61. Kf2 1/2-1/2

[Event "4th WGP Kazan 2012"]
[Site "Kazan RUS"]
[Date "2012.06.15"]
[Round "5"]
[White "Kosintseva, Nadezhda"]
[Black "Hou, Yifan"]
[Result "1/2-1/2"]
[WhiteTitle "GM"]
[BlackTitle "GM"]
[WhiteElo "2528"]
[BlackElo "2623"]
[WhiteFideId "4134974"]
[BlackFideId "8602980"]
[EventDate "2012.06.09"]

1. e4 c5 2. c3 Nf6 3. e5 Nd5 4. Nf3 Nc6 5. d4 cxd4 6. cxd4 d6 7. Bc4 e6 8. O-O
Be7 9. Bd2 O-O 10. Nc3 Nb6 11. Bb3 Na5 12. exd6 Bxd6 13. Bc2 Be7 14. Qe2 Nac4
15. Bf4 Bd7 16. Be4 Bc6 17. Bxc6 bxc6 18. Rac1 Rc8 19. Rfd1 Nd5 20. Qxc4 Nxf4
21. Ne5 Qc7 22. g3 Ng6 23. Nxg6 hxg6 24. d5 exd5 25. Nxd5 Qe5 26. Qf4 Qe6 27.
Nxe7+ Qxe7 28. Qd6 Qb7 29. b3 Rfe8 30. Re1 Red8 31. Re7 Qa6 32. Qf4 Rf8 33. a4
Rce8 34. Rce1 Rxe7 35. Rxe7 Qd3 36. Qc4 Qf3 37. Re3 Qd1+ 38. Kg2 Qd5+ 39. Qxd5
cxd5 40. Re7 Rb8 41. Rxa7 Rxb3 42. Rd7 Ra3 43. Rxd5 Rxa4 44. h4 Kf8 45. Rb5 Ke7
46. Rb7+ Ke6 47. Rb6+ Ke7 48. Rb7+ Ke6 1/2-1/2

[Event "4th WGP Kazan 2012"]
[Site "Kazan RUS"]
[Date "2012.06.15"]
[Round "5"]
[White "Stefanova, Antoaneta"]
[Black "Galliamova, Alisa"]
[Result "1/2-1/2"]
[WhiteTitle "GM"]
[BlackTitle "IM"]
[WhiteElo "2518"]
[BlackElo "2484"]
[WhiteFideId "2902257"]
[BlackFideId "4129725"]
[EventDate "2012.06.09"]

1. d4 d5 2. c4 dxc4 3. Nf3 Nf6 4. Na3 e6 5. Nxc4 Bb4+ 6. Bd2 Bxd2+ 7. Qxd2 O-O
8. g3 b6 9. Bg2 Bb7 10. Rc1 Nbd7 11. b4 Qe7 12. O-O Rfd8 13. Qb2 Rac8 14. Rfd1
h6 15. Qa3 Bd5 16. Nfe5 Nxe5 17. Nxe5 a5 18. Bxd5 Rxd5 19. Nc6 Qf8 20. Qd3 axb4
21. e4 Rd7 22. Rc2 Ra8 23. Rb1 Ra3 24. Qe2 Rc3 25. Rbc1 Rxc2 26. Qxc2 Qa8 27.
Rb1 b3 28. axb3 Qa3 29. Kg2 h5 30. Rb2 g6 31. Ra2 Qf8 32. Ra7 Qd6 33. Ra8+ Kg7
34. f3 Ng8 35. e5 Qd5 36. Re8 Nh6 37. Qc3 Qb5 38. Kf2 Nf5 39. Ra8 Ne7 40. Nxe7
Rxe7 41. Qc4 Qxc4 42. bxc4 g5 43. Ke3 c5 44. dxc5 bxc5 45. Rc8 Ra7 46. h4 Ra3+
47. Ke4 g4 48. fxg4 Rxg3 49. gxh5 Rg4+ 50. Kd3 Rxh4 51. Rxc5 Rxh5 52. Rb5 Kg6
53. Kd4 Rh4+ 54. Kc5 Re4 55. Rb7 Rxe5+ 56. Kd6 Re1 57. c5 Rd1+ 58. Ke7 Rc1 59.
Kd6 Rd1+ 60. Ke7 Rc1 61. Kd6 Rd1+ 62. Ke5 1/2-1/2

[Event "4th WGP Kazan 2012"]
[Site "Kazan RUS"]
[Date "2012.06.15"]
[Round "5"]
[White "Lahno, Kateryna"]
[Black "Kosteniuk, Alexandra"]
[Result "1-0"]
[WhiteTitle "GM"]
[BlackTitle "GM"]
[WhiteElo "2546"]
[BlackElo "2457"]
[WhiteFideId "14109336"]
[BlackFideId "4128125"]
[EventDate "2012.06.09"]

1. e4 e5 2. Nf3 Nc6 3. Bb5 a6 4. Bxc6 dxc6 5. O-O Be7 6. h3 Bf6 7. d4 exd4 8.
Qe2 c5 9. Rd1 Bd7 10. c3 Bb5 11. Qe1 d3 12. Na3 Qd7 13. e5 Be7 14. Nxb5 Qxb5 15.
Qe4 Rd8 16. c4 Qb6 17. Rxd3 Rxd3 18. Qxd3 Nh6 19. Qe4 O-O 20. Bxh6 gxh6 21. Rd1
Rd8 22. Rxd8+ Bxd8 23. Qg4+ Kf8 24. Qd7 Be7 25. b3 a5 26. g3 h5 27. h4 h6 28.
Kg2 Qa6 29. Qc8+ Kg7 30. Qxc7 Bf8 31. Qd7 Kg6 32. Ne1 Qa8 33. Nd3 b5+ 34. f3
bxc4 35. Nf4+ 1-0

[Event "4th WGP Kazan 2012"]
[Site "Kazan RUS"]
[Date "2012.06.16"]
[Round "6"]
[White "Muzychuk, Anna"]
[Black "Kosteniuk, Alexandra"]
[Result "1/2-1/2"]
[WhiteTitle "GM"]
[BlackTitle "GM"]
[WhiteElo "2598"]
[BlackElo "2457"]
[WhiteFideId "14111330"]
[BlackFideId "4128125"]
[EventDate "2012.06.09"]

1. e4 e5 2. Nf3 Nc6 3. d4 exd4 4. Nxd4 Nf6 5. Nxc6 bxc6 6. e5 Qe7 7. Qe2 Nd5 8.
Nd2 Nb4 9. Nf3 Ba6 10. c4 c5 11. a3 Nc6 12. Bd2 h6 13. Bc3 Qe6 14. O-O-O Be7 15.
Nd2 Rb8 16. f4 Nd4 17. Bxd4 cxd4 18. Nf3 Qb6 19. Qc2 Qa5 20. Qd2 Qxd2+ 21. Rxd2
c5 22. Bd3 Bb7 23. Kc2 Bc6 24. b3 O-O 25. Re2 Rb6 26. Be4 f5 27. exf6 Bxe4+ 28.
Rxe4 Bxf6 29. Nd2 Bd8 30. Rf1 Ra6 31. a4 Raf6 32. g3 g5 33. b4 cxb4 34. Rxd4
gxf4 35. gxf4 R8f7 36. Ne4 Re6 37. f5 Re5 38. Nd6 Rg7 39. Re4 Bf6 40. Rf2 Rge7
41. Rfe2 Kf8 42. h3 h5 43. Rxe5 Rxe5 44. Rxe5 Bxe5 45. Ne4 a5 46. Kb3 Ke7 47.
Kc2 Bf4 48. Kb3 d6 49. Kc2 Kf7 50. Kb3 Ke7 51. Kc2 Kf7 52. Kb3 Ke7 53. Kc2 1/2-1/2

[Event "4th WGP Kazan 2012"]
[Site "Kazan RUS"]
[Date "2012.06.16"]
[Round "6"]
[White "Galliamova, Alisa"]
[Black "Lahno, Kateryna"]
[Result "0-1"]
[WhiteTitle "IM"]
[BlackTitle "GM"]
[WhiteElo "2484"]
[BlackElo "2546"]
[WhiteFideId "4129725"]
[BlackFideId "14109336"]
[EventDate "2012.06.09"]

1. d4 Nf6 2. c4 g6 3. Nc3 Bg7 4. e4 d6 5. Nge2 O-O 6. Ng3 h5 7. Be2 c5 8. d5 b5
9. cxb5 a6 10. bxa6 Nxa6 11. O-O h4 12. Nh1 h3 13. g3 Qb6 14. Rb1 e6 15. dxe6
Bxe6 16. b3 Nb4 17. a4 d5 18. e5 Nd7 19. f4 c4+ 20. Nf2 d4 21. Nb5 d3 22. Bf3
cxb3 23. Rxb3 Rxa4 24. Ra3 Rxa3 25. Nxa3 Rc8 26. Kh1 Bf8 27. Nb1 Nc2 28. Bd2 Qd4
29. Bc3 Rxc3 30. Nxc3 Ne3 31. Qxd3 Qxd3 32. Nxd3 Nxf1 33. Ne4 Be7 34. g4 Ne3 35.
Ndf2 Nc5 36. Nc3 Bh4 37. Nxh3 Nxg4 38. Ng1 Nf2+ 39. Kg2 Ncd3 40. Nce2 Ne1+ 41.
Kf1 Nc2 42. Ng3 Ng4 43. Be4 Bxg3 44. hxg3 Bc4+ 0-1

[Event "4th WGP Kazan 2012"]
[Site "Kazan RUS"]
[Date "2012.06.16"]
[Round "6"]
[White "Hou, Yifan"]
[Black "Stefanova, Antoaneta"]
[Result "1-0"]
[WhiteTitle "GM"]
[BlackTitle "GM"]
[WhiteElo "2623"]
[BlackElo "2518"]
[WhiteFideId "8602980"]
[BlackFideId "2902257"]
[EventDate "2012.06.09"]

1. e4 e5 2. Bc4 Nf6 3. d3 Nc6 4. Nf3 Bc5 5. Bb3 d6 6. c3 Bb6 7. a4 a6 8. Nbd2
Ba7 9. h3 Ne7 10. Nf1 Ng6 11. Ng3 h6 12. d4 O-O 13. O-O Nh7 14. Be3 Qf6 15. Qd2
Nh4 16. Nxh4 Qxh4 17. dxe5 dxe5 18. Bxa7 Rxa7 19. Qe3 b6 20. f4 exf4 21. Rxf4
Qg5 22. e5 c5 23. Raf1 Be6 24. Bc2 Re8 25. h4 Qe7 26. Nh5 Kh8 27. Nxg7 Kxg7 28.
Rf6 Nxf6 29. exf6+ Qxf6 30. Qg3+ Qg6 31. Bxg6 fxg6 32. Qe5+ Kg8 33. Qf6 Kh7 34.
Qe5 Rae7 35. Qd6 Bf5 36. Qxb6 c4 37. Qxa6 Bd3 38. Rf3 h5 39. Rxd3 cxd3 40. Qxd3
Re1+ 41. Kf2 R1e4 42. Kf3 R4e5 43. b4 Rf5+ 44. Kg3 Rfe5 45. Kf2 Rf5+ 46. Kg1
Re1+ 47. Kh2 Rfe5 48. a5 R5e4 49. Qd7+ Re7 50. Qd8 g5 51. hxg5 Kg6 52. a6 Kf5
53. a7 Rxa7 54. Qf6+ 1-0

[Event "4th WGP Kazan 2012"]
[Site "Kazan RUS"]
[Date "2012.06.16"]
[Round "6"]
[White "Danielian, Elina"]
[Black "Kosintseva, Nadezhda"]
[Result "1-0"]
[WhiteTitle "GM"]
[BlackTitle "GM"]
[WhiteElo "2484"]
[BlackElo "2528"]
[WhiteFideId "13300210"]
[BlackFideId "4134974"]
[EventDate "2012.06.09"]

1. d4 Nf6 2. c4 e6 3. Nc3 Bb4 4. Qc2 O-O 5. a3 Bxc3+ 6. Qxc3 d6 7. Bg5 Nbd7 8.
e3 b6 9. Bd3 c5 10. Ne2 Ba6 11. Qc2 h6 12. Bh4 cxd4 13. exd4 Rc8 14. Qa4 Nb8 15.
Rc1 d5 16. b3 dxc4 17. bxc4 e5 18. O-O Qd7 19. Qb3 e4 20. Bb1 Ne8 21. Bg3 Nd6
22. Bxd6 Qxd6 23. Rfd1 Nc6 24. c5 Qf6 25. Qe3 Bxe2 26. Qxe2 Rfe8 27. Qe3 bxc5
28. dxc5 Qe5 29. Ba2 Rcd8 30. Qb3 Qe7 31. h3 Rf8 32. Rd5 Ne5 33. Qe3 Nd3 34. Rc2
Kh8 35. c6 Rxd5 36. Bxd5 f5 37. c7 Rc8 38. Qxa7 Nf4 39. Qb7 Qe8 40. Qxc8 1-0

[Event "4th WGP Kazan 2012"]
[Site "Kazan RUS"]
[Date "2012.06.16"]
[Round "6"]
[White "Koneru, Humpy"]
[Black "Cmilyte, Viktorija"]
[Result "1/2-1/2"]
[WhiteTitle "GM"]
[BlackTitle "GM"]
[WhiteElo "2589"]
[BlackElo "2508"]
[WhiteFideId "5008123"]
[BlackFideId "12801259"]
[EventDate "2012.06.09"]

1. d4 Nf6 2. c4 g6 3. g3 c5 4. d5 b5 5. cxb5 a6 6. bxa6 Bg7 7. Nc3 d6 8. Bg2 O-O
9. Nf3 Nxa6 10. O-O Bf5 11. Nh4 Bd7 12. Bd2 Qc8 13. Re1 Bh3 14. a3 c4 15. Be3
Bxg2 16. Nxg2 Nc5 17. Qc2 Ng4 18. Rad1 Rb8 19. Bd4 Nd3 20. exd3 Bxd4 21. Re2 Ne5
22. Ne1 cxd3 23. Nxd3 Qh3 24. Nxe5 dxe5 25. Re4 Qf5 26. Re2 Qxc2 27. Rxc2 Rb3
28. a4 Rc8 29. Ra1 Kf8 30. a5 Ke8 31. a6 Kd7 32. Ra4 Ra8 33. Ne4 Rb6 34. Nc5+
Bxc5 35. Rxc5 Raxa6 36. Rxa6 Rxa6 37. Rb5 Ra1+ 38. Kg2 Kd6 39. g4 Rd1 40. Rb8
Rd4 41. Kg3 f5 42. gxf5 gxf5 43. Rd8+ Kc5 44. Rd7 Rg4+ 45. Kf3 e4+ 46. Ke3 Rh4
47. b4+ Kxb4 48. Kd4 e3+ 49. Kxe3 Kc5 50. Rxe7 Kxd5 51. f4 Rh3+ 52. Kf2 Rxh2+
53. Kg3 Rh5 54. Re5+ Kd6 55. Kf3 Kd7 56. Kg3 Kd6 57. Kf3 Kd7 58. Kg3 Kd6 1/2-1/2

[Event "4th WGP Kazan 2012"]
[Site "Kazan RUS"]
[Date "2012.06.18"]
[Round "8"]
[White "Muzychuk, Anna"]
[Black "Galliamova, Alisa"]
[Result "1-0"]
[WhiteTitle "GM"]
[BlackTitle "IM"]
[WhiteElo "2598"]
[BlackElo "2484"]
[WhiteFideId "14111330"]
[BlackFideId "4129725"]
[EventDate "2012.06.09"]

1. e4 c5 2. Nf3 d6 3. d4 cxd4 4. Nxd4 Nf6 5. Nc3 Nc6 6. Bg5 e6 7. Qd2 Qb6 8.
Bxf6 gxf6 9. Nb3 Bd7 10. f4 O-O-O 11. Be2 h5 12. Rf1 Ne7 13. O-O-O Bc6 14. Nd4
d5 15. Nxc6 bxc6 16. Na4 Qc7 17. Qc3 Ng6 18. f5 Ne5 19. fxe6 fxe6 20. Rxf6 Re8
21. exd5 cxd5 22. Ba6+ Kd8 23. Bb5 Qxc3 24. Nxc3 Bg7 25. Rff1 Ref8 26. Rxf8+
Rxf8 27. Rf1 Bh6+ 28. Kb1 Rxf1+ 29. Bxf1 Ng4 30. Be2 Nxh2 31. Bxh5 Nf1 32. a4 a5
33. Nb5 Ne3 34. Bf3 Kd7 35. c3 e5 36. g4 Kc6 37. Ka2 Nc4 38. b4 Bd2 39. Kb3 axb4
40. cxb4 Bf4 41. Be2 Nd2+ 42. Kc2 Ne4 43. Nc3 Nf6 44. a5 e4 45. b5+ Kb7 46. Na4
d4 47. Bc4 d3+ 48. Kb3 d2 49. Be2 Nd7 50. Kc2 Bg5 51. b6 Kc6 52. Nc3 Nc5 53.
Nxe4 Nxe4 54. Bf3 Kd5 55. Bxe4+ Kxe4 56. a6 Kf3 57. Kd1 1-0

[Event "4th WGP Kazan 2012"]
[Site "Kazan RUS"]
[Date "2012.06.18"]
[Round "8"]
[White "Hou, Yifan"]
[Black "Kosteniuk, Alexandra"]
[Result "1-0"]
[WhiteTitle "GM"]
[BlackTitle "GM"]
[WhiteElo "2623"]
[BlackElo "2457"]
[WhiteFideId "8602980"]
[BlackFideId "4128125"]
[EventDate "2012.06.09"]

1. e4 e5 2. Nc3 Nf6 3. g3 Bb4 4. Bg2 c6 5. d4 d6 6. Ne2 O-O 7. h3 Nbd7 8. O-O
Re8 9. Be3 Ba5 10. a4 a6 11. g4 Nf8 12. Ng3 Ng6 13. f4 exf4 14. Bxf4 Nxf4 15.
Rxf4 Nd7 16. Qd3 Qb6 17. Rb1 Ne5 18. Qd1 Ng6 19. Rf2 Qd8 20. Nce2 Bc7 21. Qd2 d5
22. e5 Be6 23. Rbf1 c5 24. c3 cxd4 25. cxd4 Rf8 26. Nh5 Qh4 27. Neg3 f6 28. Nxg7
Kxg7 29. Nh5+ Kh8 30. Qh6 Rg8 31. Rxf6 Rae8 32. Rf7 Bxf7 33. Rxf7 Nf8 34. Rxc7
Rg6 35. Rxh7+ Nxh7 36. Qxg6 Rg8 37. Qf7 Qg5 38. Qxd5 Nf8 39. Kh2 Qd2 40. Qd6 Nh7
41. e6 Qe3 42. d5 b5 43. axb5 axb5 44. Qf4 Qxf4+ 45. Nxf4 Kg7 46. Nh5+ Kh6 47.
d6 1-0

[Event "4th WGP Kazan 2012"]
[Site "Kazan RUS"]
[Date "2012.06.18"]
[Round "8"]
[White "Danielian, Elina"]
[Black "Lahno, Kateryna"]
[Result "1-0"]
[WhiteTitle "GM"]
[BlackTitle "GM"]
[WhiteElo "2484"]
[BlackElo "2546"]
[WhiteFideId "13300210"]
[BlackFideId "14109336"]
[EventDate "2012.06.09"]

1. d4 Nf6 2. Nf3 g6 3. c4 Bg7 4. g3 c6 5. Bg2 d5 6. cxd5 cxd5 7. O-O O-O 8. Ne5
e6 9. Nc3 Nfd7 10. f4 Nc6 11. Be3 Nb6 12. Bf2 Bd7 13. e4 Ne7 14. exd5 Nbxd5 15.
Ne4 Bc6 16. Rc1 Rc8 17. Qb3 Qb6 18. Qa3 Bb5 19. Rfe1 Rxc1 20. Rxc1 Rc8 21. b3
Rxc1+ 22. Qxc1 Bf8 23. Qc5 Nf5 24. Qc8 Nxd4 25. Kh1 h6 26. h4 Ne7 27. Nf6+ Kg7
28. Qxf8+ Kxf8 29. Nfd7+ 1-0

[Event "4th WGP Kazan 2012"]
[Site "Kazan RUS"]
[Date "2012.06.18"]
[Round "8"]
[White "Koneru, Humpy"]
[Black "Stefanova, Antoaneta"]
[Result "1-0"]
[WhiteTitle "GM"]
[BlackTitle "GM"]
[WhiteElo "2589"]
[BlackElo "2518"]
[WhiteFideId "5008123"]
[BlackFideId "2902257"]
[EventDate "2012.06.09"]

1. c4 c6 2. e4 d5 3. exd5 cxd5 4. d4 Nf6 5. Nc3 g6 6. Qb3 Bg7 7. cxd5 O-O 8. Be2
Na6 9. Bf3 b5 10. a3 Rb8 11. Bf4 Rb6 12. Nge2 Bf5 13. Rd1 Qd7 14. O-O Rc8 15.
Rc1 Rc4 16. Qa2 Bg4 17. Bxg4 Nxg4 18. b3 Rc8 19. Qd2 Rd8 20. d6 exd6 21. Nd5 Rb7
22. Qa5 Nb8 23. h3 Re8 24. hxg4 Rxe2 25. Be3 h6 26. Qc3 Qxg4 27. b4 g5 28. Qd3
h5 29. Rc3 Nd7 30. Rfc1 Nf8 31. Rc8 h4 32. Rxf8+ Kxf8 33. Qxe2 Qe6 34. Nc3 Rc7
35. Qf1 a6 36. Ne2 Rxc1 37. Qxc1 f5 38. d5 Qxd5 39. Bxg5 Kg8 40. Bxh4 Qe4 41.
Nf4 d5 42. Bg5 d4 43. Qc8+ Kh7 44. Qe6 d3 45. Qg6+ Kh8 46. Bf6 Bxf6 47. Qxf6+
Kg8 48. Qd8+ Kg7 49. Nxd3 1-0

[Event "4th WGP Kazan 2012"]
[Site "Kazan RUS"]
[Date "2012.06.18"]
[Round "8"]
[White "Kosintseva, Tatiana"]
[Black "Cmilyte, Viktorija"]
[Result "1/2-1/2"]
[WhiteTitle "GM"]
[BlackTitle "GM"]
[WhiteElo "2532"]
[BlackElo "2508"]
[WhiteFideId "4133471"]
[BlackFideId "12801259"]
[EventDate "2012.06.09"]

1. e4 c5 2. Nf3 d6 3. d4 cxd4 4. Nxd4 Nf6 5. Nc3 g6 6. Be3 Bg7 7. f3 O-O 8. Qd2
Nc6 9. Bc4 Nxd4 10. Bxd4 Be6 11. Bb3 Qa5 12. O-O-O Rfc8 13. Kb1 b5 14. Rhe1 Bxb3
15. cxb3 b4 16. Nd5 Nxd5 17. Bxg7 Kxg7 18. exd5 Rc7 19. h4 Rac8 20. a4 Qb6 21.
Re2 h5 22. Qd3 a5 23. g4 Rh8 24. g5 Qb7 25. Rde1 Re8 26. Re4 Rc5 27. Rd4 Qd7 28.
Rf4 Qb7 29. Rd4 Rec8 30. Qe4 Qd7 31. Rdd1 R8c7 32. Rc1 Rxc1+ 33. Rxc1 Rxc1+ 34.
Kxc1 Qf5 35. Qxf5 gxf5 36. f4 e5 37. dxe6 fxe6 38. Kd2 e5 39. fxe5 dxe5 40. Ke3
Kf7 41. Kf3 Ke6 42. Ke3 Kd5 43. Kf3 f4 44. Kf2 e4 45. Ke2 e3 46. Kf3 Ke5 47. Ke2
Ke4 48. g6 f3+ 49. Ke1 Kd3 50. g7 f2+ 51. Kf1 Kd2 52. g8=Q e2+ 53. Kxf2 e1=Q+
54. Kg2 Qe4+ 55. Kg3 Qe1+ 56. Kg2 Qe4+ 57. Kg3 Qe5+ 58. Kf3 Qf5+ 59. Kg2 Kc2 60.
Qg5 Qe4+ 61. Kg3 Qe1+ 62. Kg2 Qe2+ 63. Kg3 Kxb2 64. Qxa5 Qg4+ 65. Kh2 Qxh4+ 66.
Kg2 Qe4+ 67. Kh2 Qe2+ 68. Kh3 Qf3+ 69. Kh2 Kxb3 70. Qb5 Qf4+ 71. Kg2 Qe4+ 72.
Kh2 Ka2 73. a5 b3 74. a6 b2 75. Qa5+ Kb3 76. Qb6+ Kc2 77. Qc5+ Kd1 78. Qxh5+ Ke1
79. Qa5+ Kd1 80. Qh5+ Kd2 81. Qa5+ Kc2 82. Qc5+ Kd2 83. Qa5+ Kc2 84. Qc5+ Kd2
85. Qa5+ Kc2 1/2-1/2

[Event "4th WGP Kazan 2012"]
[Site "Kazan RUS"]
[Date "2012.06.20"]
[Round "9"]
[White "Cmilyte, Viktorija"]
[Black "Muzychuk, Anna"]
[Result "1/2-1/2"]
[WhiteTitle "GM"]
[BlackTitle "GM"]
[WhiteElo "2508"]
[BlackElo "2598"]
[WhiteFideId "12801259"]
[BlackFideId "14111330"]
[EventDate "2012.06.09"]

1. d4 f5 2. g3 Nf6 3. Bg2 g6 4. Nf3 Bg7 5. O-O O-O 6. c4 d6 7. Nc3 Qe8 8. Re1
Qf7 9. e4 fxe4 10. Nxe4 Nc6 11. b3 Nxe4 12. Rxe4 e5 13. Be3 exd4 14. Nxd4 Bd7
15. Qd2 Nxd4 16. Bxd4 Bxd4 17. Qxd4 Bc6 18. Rf4 Qg7 19. Bxc6 bxc6 20. Re1 Qxd4
21. Rxd4 c5 22. Rde4 a5 23. Re7 Rf7 24. Re8+ Rf8 25. R8e7 Rf7 26. Re8+ Rf8 27.
R8e7 Rf7 1/2-1/2

[Event "4th WGP Kazan 2012"]
[Site "Kazan RUS"]
[Date "2012.06.20"]
[Round "9"]
[White "Lahno, Kateryna"]
[Black "Koneru, Humpy"]
[Result "0-1"]
[WhiteTitle "GM"]
[BlackTitle "GM"]
[WhiteElo "2546"]
[BlackElo "2589"]
[WhiteFideId "14109336"]
[BlackFideId "5008123"]
[EventDate "2012.06.09"]

1. c4 e5 2. g3 Nc6 3. Nc3 g6 4. Bg2 Bg7 5. Rb1 a5 6. a3 Nf6 7. b4 axb4 8. axb4
O-O 9. d3 Re8 10. b5 Ne7 11. Nf3 d5 12. cxd5 Nexd5 13. Nxd5 Nxd5 14. Bb2 e4 15.
dxe4 Nc3 16. Qxd8 Rxd8 17. Bxc3 Bxc3+ 18. Kf1 Ra2 19. h4 Rb2 20. Rc1 Rc2 21. Rb1
Be6 22. Ne1 Rcd2 23. Rc1 Ba5 24. Nd3 Bc4 25. Bf3 Bxb5 26. Nc5 Bb6 27. Nxb7 Re8
28. Nc5 Re5 29. Nb3 Rb2 30. Rc3 c5 31. Nc1 c4 32. Kg2 Bc5 33. h5 Bb4 34. Re3 Rc2
35. Nb3 cxb3 36. Rxb3 Be7 37. hxg6 hxg6 38. e3 Kg7 39. Rhb1 Bc6 40. R3b2 Rxb2
41. Rxb2 Bxe4 42. Bxe4 Rxe4 43. Rc2 Rb4 44. Kf1 Bf6 45. Kg2 Rb2 46. Rc4 Be7 47.
Kf1 Bd6 48. Rc6 Bb4 49. Ra6 Rd2 50. Rb6 Bc3 51. Rc6 Be5 52. Ra6 Rd6 53. Ra7 Kf6
54. Rb7 Ra6 55. Kg2 Ke6 56. Rb4 Bc3 57. Rc4 Be5 58. Rb4 Kf5 59. Rb5 Ra2 60. Kf3
Ke6 61. Kg2 Bc3 62. Kf1 Kd6 63. Rb7 f6 64. Rb3 Rc2 65. Rb5 Kc6 66. Rb8 Kd5 67.
Rc8 Ke4 68. Kg2 Kd3 69. Kf1 Rc1+ 70. Kg2 Ke2 71. Rc6 Bb2 72. Re6 Rc2 73. f4 Ke1+
74. Kf3 Kf1 75. g4 Rf2+ 76. Kg3 Bc3 77. g5 f5 78. Rxg6 Rg2+ 79. Kh3 Kg1 80. e4
fxe4 81. Re6 Be1 82. f5 Rh2+ 0-1

[Event "4th WGP Kazan 2012"]
[Site "Kazan RUS"]
[Date "2012.06.20"]
[Round "9"]
[White "Kosteniuk, Alexandra"]
[Black "Danielian, Elina"]
[Result "1-0"]
[WhiteTitle "GM"]
[BlackTitle "GM"]
[WhiteElo "2457"]
[BlackElo "2484"]
[WhiteFideId "4128125"]
[BlackFideId "13300210"]
[EventDate "2012.06.09"]

1. e4 e6 2. d4 d5 3. Nc3 Nf6 4. Bg5 Be7 5. e5 Nfd7 6. h4 c5 7. Bxe7 Kxe7 8. dxc5
Nc6 9. Qd2 Nxc5 10. O-O-O Qa5 11. Rh3 h6 12. Nge2 Rd8 13. Qf4 Nd7 14. Rg3 Rg8
15. Re3 Rb8 16. Nd4 Nxd4 17. Rxd4 g5 18. hxg5 hxg5 19. Qg3 Qc5 20. Qg4 b5 21. b4
Qc6 22. Qh5 a5 23. Nxd5+ exd5 24. e6 Rg6 25. exd7+ Kxd7 26. Bd3 Rg7 27. Qh8 Qf6
28. Rxd5+ Kc6 29. Rc5+ Kd6 30. Qf8+ 1-0

[Event "4th WGP Kazan 2012"]
[Site "Kazan RUS"]
[Date "2012.06.20"]
[Round "9"]
[White "Galliamova, Alisa"]
[Black "Hou, Yifan"]
[Result "0-1"]
[WhiteTitle "IM"]
[BlackTitle "GM"]
[WhiteElo "2484"]
[BlackElo "2623"]
[WhiteFideId "4129725"]
[BlackFideId "8602980"]
[EventDate "2012.06.09"]

1. d4 Nf6 2. c4 c5 3. d5 e6 4. Nc3 exd5 5. cxd5 d6 6. e4 g6 7. h3 Bg7 8. Nf3 O-O
9. Bd3 a6 10. a4 Nbd7 11. O-O Nh5 12. Bg5 Bf6 13. Be3 Re8 14. Nd2 Bd4 15. Bxd4
cxd4 16. Ne2 Ne5 17. Ra3 Qb6 18. Qb3 Qxb3 19. Rxb3 Bd7 20. Ra1 b5 21. a5 Nf6 22.
Nxd4 Nxd3 23. Rxd3 Nxe4 24. Nxe4 Rxe4 25. Rc1 Rc8 26. Rxc8+ Bxc8 27. Re3 Rxd4
28. Re8+ Kg7 29. Rxc8 Kf6 30. Rc6 Ke5 31. Rxa6 Rb4 32. Rb6 Kxd5 33. a6 Rxb2 34.
a7 Rb1+ 35. Kh2 Ra1 36. Rxb5+ Kc6 37. Rb2 Rxa7 38. g4 d5 39. Kg3 Re7 40. Kf4 d4
41. Kg5 Kc5 42. f4 d3 43. f5 Rd7 44. Rb1 d2 45. Rd1 Kc4 46. f6 Kd3 47. Kh6 Ke2
48. Rxd2+ Kxd2 0-1

[Event "4th WGP Kazan 2012"]
[Site "Kazan RUS"]
[Date "2012.06.21"]
[Round "10"]
[White "Danielian, Elina"]
[Black "Galliamova, Alisa"]
[Result "0-1"]
[WhiteTitle "GM"]
[BlackTitle "IM"]
[WhiteElo "2484"]
[BlackElo "2484"]
[WhiteFideId "13300210"]
[BlackFideId "4129725"]
[EventDate "2012.06.09"]

1. d4 d5 2. c4 c6 3. Nf3 Nf6 4. Nc3 e6 5. Bg5 h6 6. Bh4 dxc4 7. e4 g5 8. Bg3 b5
9. Be2 Bg7 10. e5 Nh5 11. a4 a6 12. Ne4 O-O 13. Qc2 c5 14. Rd1 Nc6 15. dxc5 Qe7
16. h4 g4 17. Nfg5 Nb4 18. Qb1 Rd8 19. Rd6 Bb7 20. O-O Bxe4 21. Nxe4 Nxg3 22.
fxg3 Bxe5 23. Bxg4 f5 24. Rxe6 Qxe6 25. Rxf5 Qe7 26. Rh5 Nd3 27. Kh2 Rd4 28.
Rxh6 Rxe4 29. Rg6+ Bg7 30. Bf3 Rf8 0-1